ARRUPE JESUIT UNIVERSITY

CORONAVIRUS -STOP THE SPREAD - CLEAN,DISINFECT,COVER

Realms of philosophy (Record no. 122606)

MARC details
000 -LEADER
fixed length control field 00509nam a22001577a 4500
008 - FIXED-LENGTH DATA ELEMENTS--GENERAL INFORMATION
fixed length control field 150409b xxu||||| |||| 00| 0 eng d
050 ## - LIBRARY OF CONGRESS CALL NUMBER
Classification number BD21.S26
100 ## - MAIN ENTRY--PERSONAL NAME
Personal name Sahakian, W.S.
9 (RLIN) 17013
245 ## - TITLE STATEMENT
Title Realms of philosophy
Statement of responsibility, etc /by William S. Sahakian and Mabel Lewis Sahakian
250 ## - EDITION STATEMENT
Edition statement Rev. ed.
260 ## - PUBLICATION, DISTRIBUTION, ETC. (IMPRINT)
Place of publication, distribution, etc Cambridge, Massachusetts
Name of publisher, distributor, etc Schenkman
Date of publication, distribution, etc 1974
300 ## - PHYSICAL DESCRIPTION
Extent xviii,662p. ;
Dimensions 22cm.
650 ## - SUBJECT ADDED ENTRY--TOPICAL TERM
Topical term or geographic name as entry element Philosophy
General subdivision Introductions
9 (RLIN) 17014
700 ## - ADDED ENTRY--PERSONAL NAME
Personal name Sahakian, Lewis Mabel
9 (RLIN) 17015
942 ## - ADDED ENTRY ELEMENTS (KOHA)
Source of classification or shelving scheme Library of Congress Classification
Item type Monograph ( Printed materials)
Holdings
Withdrawn status Lost status Source of classification or shelving scheme Damaged status Not for loan Collection code Home library Current library Shelving location Date acquired Total Checkouts Full call number Barcode Date last seen Date last borrowed Price effective from Koha item type
    Library of Congress Classification     Main Collection ARRUPE LIBRARY ARRUPE LIBRARY Main Collection 09/04/2015 3 BD21.S26 46500002519 02/09/2016 14/01/2016 09/04/2015 Monograph ( Printed materials)

 

Arrupe Library. PO Box MP320 Mt Pleasant, Harare, Zimbabwe
263 242 745411|librarian@aju.ac.zw